000 00563nam a2200181Ia 4500
008 090124s9999 xx 000 0 und d
082 _b34785
100 _aगोगटे शकुंतला
245 _a चंदनाची उटी
250 _a2
260 _bशशीदीप प्रकाशन
_c1985
300 _a155
600 _aगोगटे शकुंतला
630 _a चंदनाची उटी
700 _aगोगटे शकुंतला
730 _a चंदनाची उटी
942 _cBOOK
999 _c100721
_d100721